Library Banner

The sacred trusts (Record no. 48618)

MARC details
000 -LEADER
fixed length control field 00524nam a2200181Ia 4500
001 - CONTROL NUMBER
control field 51111
008 - FIXED-LENGTH DATA ELEMENTS--GENERAL INFORMATION
fixed length control field 140502s9999 xx 000 0 und d
020 ## - INTERNATIONAL STANDARD BOOK NUMBER
International Standard Book Number 9781597842174
040 ## - CATALOGING SOURCE
Transcribing agency PK-LaUMT
082 ## - DEWEY DECIMAL CLASSIFICATION NUMBER
Classification number R 297.07449618
Item number AYD-S
100 ## - MAIN ENTRY--PERSONAL NAME
Personal name Aydin, Hilmi
245 #4 - TITLE STATEMENT
Title The sacred trusts
Remainder of title pavilion of the sacred relics, Topkap palace Museum, Istanbuli
Statement of responsibility, etc Aydin, Hilmi
260 ## - PUBLICATION, DISTRIBUTION, ETC. (IMPRINT)
Place of publication, distribution, etc Clifton,USA:
Name of publisher, distributor, etc Tughra Books,
Date of publication, distribution, etc 2011
300 ## - PHYSICAL DESCRIPTION
Extent 351 p.
546 ## - LANGUAGE NOTE
Language note EN
650 ## - SUBJECT ADDED ENTRY--TOPICAL TERM
Topical term or geographic name as entry element Reliquaries, Islamic-Turkey-Istanbul
942 ## - ADDED ENTRY ELEMENTS (KOHA)
Koha item type Books
Holdings
Withdrawn status Lost status Damaged status Not for loan Home library Current library Date acquired Total Checkouts Full call number Barcode Date last seen Price effective from Koha item type
        UMT Main Campus UMT Main Campus 2014-05-02   R 297.07449618 AYD-S 61329 2014-05-08 2014-05-08 Books